000 00301nam a2200133Ia 4500
100 _aReiss/Howard
942 _cBK
654 _aThermodynamics
245 _aMethods of Thermodynamics
260 _bBlaisdell Publishing Co
_aNewyork
_c1965
082 _a536.7
_bREI
546 _aENGLISH
999 _c25638
_d25638